000
00245nam a2200097Ia 4500
008
120527s9999 xx 000 0 und d
100
_a
ICARDA,115
245
_a
Mechanization of field experiments in semi-arid areas
260
_b
NIAE
942
_c
BK
999
_c
25109
_d
25109